El salvador sociologia general/ (Registro nro. 9424)

Detalles MARC
000 -LEADER
fixed length control field 00877nam a2200205Ia 4500
005 - FECHA Y HORA DE LA ÚLTIMA TRANSACCIÓN
control field 20241026153653.0
008 - FIXED-LENGTH DATA ELEMENTS--GENERAL INFORMATION
fixed length control field 230918s9999 xx 000 0 und d
020 ## - INTERNATIONAL STANDARD BOOK NUMBER
International Standard Book Number 9992380039
040 ## - CATALOGING SOURCE
Original cataloging agency UPAN
Transcribing agency Biblioteca San Vicente
Description conventions RCAA2
041 ## - LANGUAGE CODE
Language code of text/sound track or separate title spa
082 ## - DEWEY DECIMAL CLASSIFICATION NUMBER
Classification number 301
Item number M378s
año de publicación 2003
100 ## - MAIN ENTRY--PERSONAL NAME
Personal name Martinez,Peñate,Oscar
Relator code aut.
245 #0 - TITLE STATEMENT
Title El salvador sociologia general/
Remainder of title Oscar Martínez Peñate
250 ## - EDITION STATEMENT
Edition statement 2° ed.
260 ## - PUBLICATION, DISTRIBUTION, ETC. (IMPRINT)
Place of publication, distribution, etc San Salvador:
Name of publisher, distributor, etc Nuevo Enfoque,
Date of publication, distribution, etc 2003
300 ## - PHYSICAL DESCRIPTION
Extent 345 p.;
Dimensions 24 cm.
505 ## - FORMATTED CONTENTS NOTE
Formatted contents note Capitulo I. Introducción a la Sociología<br/>Capitulo II. Dinámica de la conducta social<br/>Capitulo III. Persona humana y sociedad <br/>Capitulo IV. Nacion y población <br/>Capitulo V. Transformación de la sociedad <br/>Capitulo VI. Grupos sociales y poder <br/>Capitulo VII. Transformación del Estado
650 ## - SUBJECT ADDED ENTRY--TOPICAL TERM
Source of heading or term LEMB
Topical term or geographic name as entry element El Salvador
General subdivision Sociología
942 ## - ADDED ENTRY ELEMENTS (KOHA)
Koha item type Libros
Source of classification or shelving scheme Dewey Decimal Classification
Existencias
Withdrawn status Lost status Source of classification or shelving scheme Damaged status Not for loan Collection code Home library Current library Date acquired Total Checkouts Full call number Barcode Date last seen Copy number Price effective from Koha item type
    Dewey Decimal Classification     Colección General Biblioteca UPAN San Vicente Biblioteca UPAN San Vicente 18/09/2023   301 M378s 12000200 18/09/2023 01 18/09/2023 Libros